El mundo es ancho y ajeno
Uloženo v:
| Hlavní autor: | |
|---|---|
| Médium: | Kniha |
| Jazyk: | španělština |
| Vydáno: |
Santiago
Zig-Zag
1990
|
| Edice: | Grandes Clásicos Escolares Zig-Zag
|
| Témata: | |
| Tagy: |
Přidat tag
Žádné tagy, Buďte první, kdo vytvoří štítek k tomuto záznamu!
|
MARC
| LEADER | 00000nam a2200000 a 4500 | ||
|---|---|---|---|
| 001 | UCH6695 | ||
| 003 | CL-VaPUC | ||
| 008 | 091109e19900000CL |||||||||||||||||spa|d | ||
| 020 | |a 9561205490 | ||
| 082 | 0 | 4 | |a Pe863 |b ALE |2 21 |
| 100 | 0 | |a Alegría Bazán, Ciro |e author |9 543330 | |
| 245 | 1 | 3 | |a El mundo es ancho y ajeno |
| 300 | |a 189 p | ||
| 942 | |c BK | ||
| 945 | |d 20091109 00:00:00 |a lazolas | ||
| 260 | |a Santiago |b Zig-Zag |c 1990 | ||
| 650 | 7 | |a NOVELAS PERUANAS |2 CL-VaPUC |9 543331 | |
| 650 | 0 | |a Literatura peruana |9 257452 | |
| 583 | |a last modification |c 20190712 03:58:15 |k Rodrigo Vera | ||
| 490 | 0 | |a Grandes Clásicos Escolares Zig-Zag | |
| 999 | |c 337535 |d 337533 | ||